Busser med norsk sidestilt 2024 (Vanskelig) - Statistics

General Stats
  • This quiz has been taken 534 times
  • The average score is 22 of 32
Answer Stats
Hint Answer % Correct
Kuken Piruss
95%
Pappa Madrugada
93%
Legenden Pikenes Jens
92%
Vulvaen Stag
87%
Subben/Myggen Hello Kitty
85%
Hvalen Kiss
82%
Pungen Superstud
82%
Larven Blessed
81%
Parken Shaguar
80%
Wonderboys Hotmale
79%
Ærna Offpissed
76%
Huldra Ramperuss
75%
Øgla Haraball
73%
Sleiken Latham
73%
Biffen Kaimenn
72%
Doningen Breadheads
71%
Jesus Hoelander
69%
Klitten Mannschaft
66%
Kunstverket Played
66%
Gnisten Trouble Man
66%
Toget Rullett
61%
Kidden Lucky Strike
60%
Pitten Rawdog
60%
Titsmaskinen Vanguard
58%
Arna Caddyshack
56%
Dronningen Lek
53%
Balla Tjejerut
53%
Kari Shefield
44%
Sleden Baewatch
42%
Raketten Damelaget
42%
Kartongen Headline
42%
Arn2 Ta Mere
42%
No matching quizzes found
Score Distribution
Percent of People with Each Score
Percentile by Number Answered
Your Score History
You have not taken this quiz